000 00642cam a2200229 4500500
005 20260329005448.0
041 _afre
042 _adc
100 1 0 _aLacroix, Alexandre
_eauthor
245 0 0 _aLes trois rounds du duel intérieur
260 _c2023.
500 _a24
690 _aCerveau
690 _aDuel
690 _aHarmonie
690 _aHilary Putnam
690 _aIntériorité
690 _aPlaton
690 _aSoi
786 0 _nPhilosophie magazine | 173 | 10 | 2023-10-01 | p. 23-26 | 1951-1787
856 4 1 _uhttps://shs.cairn.info/magazine-philosophie-magazine-2023-10-page-23?lang=fr&redirect-ssocas=7080
999 _c1843654
_d1843654